000 01061nam a22003014a 4500
001 34956
003 BD-RjUL
005 20211209052234.0
008 140520s2005 ii abf b 001 0 eng
020 _a8178294184 (India : hb)
020 _a0761932925 (US : hb)
035 _a(OCoLC)OCM56371379
035 _a(BD-RjUL)35050
040 _aDLC
_cDLC
_dBWK
_dBD-RjUL
_beng
041 _aeng
082 0 0 _a304.63209548
_222
_bFRE 2005
245 0 0 _aFertility transition in south India /
_cedited by Christophe Z. Guilmoto, S. Irudaya Rajan.
260 _aNew Delhi ;
_aThousand Oaks, Calif. ;
_aLondon :
_bSage Publications,
_c2005.
300 _a452 p., [8] p. of plates :
_bill. (some col.), maps ;
_c23 cm.
504 _aIncludes bibliographical references and index.
650 0 _aFertility, Human
_zIndia.
_9103875
650 0 _aDemographic transition
_zIndia.
_9106410
700 1 _aGuilmoto, Christophe.
_9106411
700 1 _aIrudaya Rajan, S.
_q(Sebastian),
_d1959-
_9106412
942 _2ddc
_cBK
999 _c34956
_d34956